000 00650nam a2200277Ia 4500
005 20260324120300.0
008 008 260324s9999 xx 000 0 eng d
020 _a9781041056034
037 _aEBOOK
040 _aCRL
040 _beng
040 _cCRL
041 _2eng
041 _aeng
084 _qCRL
100 _aSharon Tredgett
_91157949
245 0 _aLearning through Movement in the Early Years
260 _bTaylor and Francis
260 _c2015
365 _a
365 _b89.99
856 _uhttp://www.taylorfrancis.com/books/9781041056034
942 _cEBOOK
999 _c1749403
_d1749403